| 000 | 01160aam a2200445a 44500 | ||
|---|---|---|---|
| 008 | 110111s2010 cat | ||
| 017 | _aB-10180-2010 | ||
| 041 | _acat | ||
| 041 | _bspa | ||
| 080 | _a7(038) | ||
| 100 |
_aVilasís, Andreu _966537 |
||
| 245 | _aGlossari de termes tècnics i conceptes amb relació a l'art de l'esmalt, la joieria, i l'orfebreria | ||
| 245 | _cAndreu Vilasís | ||
| 260 | _aBarcelona | ||
| 260 | _bCIDAE. Centre d'Informació i Difusió de l'Art de l'Esmalt | ||
| 260 | _c2010 | ||
| 300 |
_a120 p. _c21 cm. |
||
| 365 | _b12 | ||
| 365 | _ceuros | ||
| 490 |
_aSaber Fer; _v5 |
||
| 500 | _aRemissions | ||
| 500 | _aVocabulari castellà-català | ||
| 520 | _aaprox. 900 | ||
| 546 | _acatalà | ||
| 591 | _a8001 | ||
| 592 | _aObra terminològica | ||
| 593 | _aJI | ||
| 593 | _aUEE | ||
| 594 | _a8001 | ||
| 650 |
_aesmalt _966557 |
||
| 650 |
_ajoieria _961141 |
||
| 650 |
_aorfebreria _971220 |
||
| 830 |
_aSaber Fer; _v5 _971219 |
||
| 901 | _c<2010> | ||
| 902 | _a110111 | ||
| 942 |
_cMO _n0 |
||
| 999 |
_c62032 _d62032 |
||